000 02206nam a2200553 i 4500
001 53446
003 KOSZ 005
005 20241119062929.0
008 061113s2006 pl a f f |000 0 pol
015 _aPB 2006/24720
020 _a9788391913239
035 _a(OCoLC)749729371
040 _aWA N
_cWA N
_dKOSZ005/HR
046 _k2006
080 _a696.6
080 _a621.31
080 _a69:728.3
080 _a69:725.1
080 _a(083.1)
100 1 _aWiatr, Julian
_eAutor
245 1 0 _aPoradnik projektanta elektryka :
_bpodstawy zasilania budynków mieszkalnych, użyteczności publicznej i innych obiektów nieprzemysłowych w energię elektryczną z przykładowymi projektami oraz przepisami prawnymi na płycie CD /
_cJulian Wiatr [oraz] Marcin Orzechowski.
250 _aWyd. 2 zm. i rozsz., stan prawny na dzień 01.08.2006 r.
260 _aWarszawa :
_bDom Wydawniczy Medium Bogusława Wiewiórowska,
_c2006.
300 _a504 s. :
_bil., err. ;
_c24 cm +
_edysk optyczny (CD-ROM).
336 _2rdacontent
_aTekst
_btxt
337 _2rdamedia
_aBez urządzenia pośredniczącego
_bn
337 _2rdamedia
_aKomputer
_bcd
338 _2rdacarrier
_aWolumin
_bnc
338 _2rdacarrier
_aDysk komputerowy
_bcd
380 _aKsiążki
380 _aPublikacje fachowe
388 _a2001-
500 _aWyd. 1 pt.: Poradnik projektowania i wykonawstwa.
504 _aBibliogr. s. 367-372 i przy niektórych załącznikach.
658 _aArchitektura i budownictwo
658 _aInżynieria i technika
650 4 _aBudownictwo użyteczności publicznej
650 4 _aElektrotechnika
655 4 _aPoradnik
650 4 _aOsiedle mieszkaniowe
650 4 _aZabezpieczenia elektryczne
650 4 _aUrządzenia elektryczne
650 4 _aBudownictwo jednorodzinne
650 4 _aInstalacje elektryczne
710 2 _aDom Wydawniczy Medium, Bogusława Wiewiórowska-Paradowska
_4pbl.
700 1 _aOrzechowski, Marcin
_c(nauki techniczne)
_eAutor
856 _uhttp://koha.tu.koszalin.pl/cgi-bin/koha/opac-detail.pl?biblionumber=53446
_yKatyalog online BPK
942 _2UKD
_cKS
999 _c53446
_d53446